Trabajo y autoridad en la industria : las ideologías de la dirección en el curso de la industrialización /
Guardado en:
| Autor Principal: | |
|---|---|
| Formato: | Libro |
| Idioma: | Spanish |
| Publicado: |
Buenos Aires :
EUDEBA,
1966.
|
| Series: | Temas de EUDEBA. Sociología
|
| Etiquetas: |
Agregar Etiqueta
Sin Etiquetas, Sea el primero en etiquetar este registro!
|
| LEADER | 00546nam a22001575a 4500 | ||
|---|---|---|---|
| 001 | EUN.um034962 | ||
| 003 | AR-BaUNS | ||
| 005 | 20050623122908.0 | ||
| 008 | 041125s1966####ag############000#0#spa#d | ||
| 245 | 1 | 0 | |a Trabajo y autoridad en la industria : |b las ideologías de la dirección en el curso de la industrialización / |c Reinhard Bendix. |
| 260 | |a Buenos Aires : |b EUDEBA, |c 1966. | ||
| 300 | |a 487 p. | ||
| 490 | 0 | |a Temas de EUDEBA. Sociología | |
| 100 | 1 | |a Bendix, Reinhard. | |
| 082 | 0 | 4 | |a 658.01 |
| 859 | |a Ar-BaUNS |b BIB. CENTRAL - Sector C |h 658.01 |i B433 |p 73606/975 | ||
